[Event "EYCC Open-U12 2019"]
[Site "Bratislava"]
[Date "2019.08.10"]
[Round "9.43"]
[White "Lye, Sverre"]
[Black "Snitsarenko, Igor"]
[Result "1/2-1/2"]
[WhiteElo "1839"]
[BlackElo "1481"]
[Annotator "NA RC"]
[PlyCount "85"]
[EventDate "2019.08.02"]
[EventType "swiss"]
[EventCountry "SVK"]
[SourceTitle "playchess.com"]
[Source "ChessBase"]
[SourceQuality "1"]
[TimeControl "40/5400+30:1800+30"]

1. e4 {[%emt 0:00:00]} c5 {[%emt 0:00:00]} 2. Nf3 {[%emt 0:00:00]} d6 {[%emt 0:00:02]} 3. Bb5+ {[%emt 0:00:13]} Nd7 {[%emt 0:01:24]} 4. d4 {[%emt 0:02:45]} cxd4 {[%emt 0:00:15]} 5. Qxd4 {[%emt 0:00:50]} a6 {[%emt 0:01:16]} 6. Bxd7+ {[%emt 0:01:25]} Qxd7 {[%emt 0:00:19]} 7. O-O {[%emt 0:04:09]} Qc6 {[%emt 0:00:43]} 8. Nc3 {[%emt 0:02:51]} e5 {[%emt 0:01:37]} 9. Qd1 {[%emt 0:08:19]} h6 {[%emt 0:01:05]} 10. Nd5 {[%emt 0:07:20]} Be6 {[%emt 0:01:35]} 11. Re1 {[%emt 0:07:31]} Rc8 {[%emt 0:04:22]} 12. c3 {[%emt 0:01:31]} Ne7 {[%emt 0:04:24]} 13. Nb4 {[%emt 0:03:52]} Qd7 {[%emt 0:00:28]} 14. Be3 {[%emt 0:02:11]} Ng6 {[%emt 0:05:41]} 15. Nd5 {[%emt 0:04:12]} Bxd5 {[%emt 0:00:52]} 16. Qxd5 {[%emt 0:01:19]} Be7 {[%emt 0:01:10]} 17. Rad1 {[%emt 0:02:08]} Qe6 {[%emt 0:02:35]} 18. Qxb7 {[%emt 0:02:31]} O-O {[%emt 0:00:55]} 19. Qd5 {[%emt 0:02:58]} Rb8 {[%emt 0:03:48]} 20. b3 {[%emt 0:04:50]} Rfc8 {[%emt 0:02:44]} 21. c4 {[%emt 0:02:15]} Nf8 {[%emt 0:01:36]} 22. Qa5 {[%emt 0:04:56]} Ra8 {[%emt 0:04:01]} 23. Nd2 {[%emt 0:01:11]} Nd7 {[%emt 0:07:20]} 24. Nf1 {[%emt 0:03:42]} Kh7 {[%emt 0:03:11]} 25. Ng3 {[%emt 0:01:30]} g6 {[%emt 0:00:27]} 26. Qd2 {[%emt 0:02:33]} h5 {[%emt 0:02:52]} 27. Ne2 {[%emt 0:04:34]} f5 {[%emt 0:06:10]} 28. exf5 {[%emt 0:02:55]} gxf5 {[%emt 0:13:28]} 29. Bg5 {[%emt 0:03:34]} Nf6 {[%emt 0:00:25]} 30. Nf4 {[%emt 0:03:25]} Qf7 {[%emt 0:01:58]} 31. Qe2 {[%emt 0:04:15]} Ne4 {[%emt 0:11:14]} 32. Bxe7 {[%emt 0:00:54]} exf4 {[%emt 0:09:08]} 33. Bxd6 {[%emt 0:02:42]} Re8 {[%emt 0:00:59]} 34. Qf1 {[%emt 0:01:34]} f3 {[%emt 0:00:25]} 35. g3 {[%emt 0:01:57]} Re6 {[%emt 0:01:34]} 36. Bb4 {[%emt 0:01:11]} a5 {[%emt 0:00:17]} 37. Bd2 {[%emt 0:01:08]} a4 {[%emt 0:02:27]} 38. Re3 {[%emt 0:01:30]} axb3 {[%emt 0:00:26]} 39. axb3 {[%emt 0:00:10]} Ra2 {[%emt 0:00:41]} 40. Be1 {[%emt 0:00:00]} Qg6 {[%emt 0:00:00]} 41. Rxf3 {[%emt 0:02:50]} Qg4 {[%emt 0:04:46]} 42. Qd3 {[%emt 0:02:09]} Rd6 {[%emt 0:03:22]} 43. Qb1 {[%emt 0:02:01]} 1/2-1/2

[Event "EYCC Open-U12 2019"]
[Site "Bratislava"]
[Date "2019.08.10"]
[Round "9.44"]
[White "Janous, Marek"]
[Black "Kolani, Arjun"]
[Result "1/2-1/2"]
[WhiteElo "1717"]
[BlackElo "1699"]
[Annotator "NA RC"]
[PlyCount "70"]
[EventDate "2019.08.02"]
[EventType "swiss"]
[EventCountry "SVK"]
[SourceTitle "playchess.com"]
[Source "ChessBase"]
[SourceQuality "1"]
[TimeControl "40/5400+30:1800+30"]

1. e4 {[%emt 0:00:00]} e5 {[%emt 0:00:00]} 2. Nf3 {[%emt 0:00:00]} Nc6 {[%emt 0:00:00]} 3. d4 {[%emt 0:00:00]} exd4 {[%emt 0:00:00]} 4. Bc4 {[%emt 0:00:43]} Bc5 {[%emt 0:01:03]} 5. c3 {[%emt 0:00:46]} Nf6 {[%emt 0:00:11]} 6. cxd4 {[%emt 0:00:05]} Bb4+ {[%emt 0:00:15]} 7. Nc3 {[%emt 0:00:05]} Nxe4 {[%emt 0:00:11]} 8. O-O {[%emt 0:00:13]} Bxc3 {[%emt 0:00:11]} 9. d5 {[%emt 0:01:30]} Bf6 {[%emt 0:00:11]} 10. Re1 {[%emt 0:00:23]} Ne7 {[%emt 0:00:12]} 11. Rxe4 {[%emt 0:02:01]} d6 {[%emt 0:00:34]} 12. Qe2 {[%emt 0:04:16]} O-O {[%emt 0:06:01]} 13. Bf4 {[%emt 0:20:05]} Ng6 {[%emt 0:09:24]} 14. Bg3 {[%emt 0:00:30]} Bf5 {[%emt 0:05:11]} 15. Re3 {[%emt 0:00:25]} Re8 {[%emt 0:10:17]} 16. Rd1 {[%emt 0:10:29]} Bg4 {[%emt 0:10:47]} 17. b3 {[%emt 0:03:09]} Rxe3 {[%emt 0:06:14]} 18. Qxe3 {[%emt 0:01:44]} Qe8 {[%emt 0:07:12]} 19. Qd3 {[%emt 0:09:13]} a6 {[%emt 0:07:27]} 20. Re1 {[%emt 0:01:38]} Qd7 {[%emt 0:01:09]} 21. Qe3 {[%emt 0:01:12]} Bxf3 {[%emt 0:03:07]} 22. Qxf3 Re8 {[%emt 0:03:06]} 23. Rxe8+ {[%emt 0:01:14]} Qxe8 {[%emt 0:00:08]} 24. h3 {[%emt 0:00:04]} Be5 {[%emt 0:09:18]} 25. Qe3 {[%emt 0:01:12]} Kf8 {[%emt 0:06:49]} 26. Qa7 {[%emt 0:23:24]} Bxg3 {[%emt 0:03:45]} 27. fxg3 {[%emt 0:00:21]} Qc8 {[%emt 0:02:05]} 28. a4 {[%emt 0:00:47]} Ne5 {[%emt 0:02:40]} 29. Bf1 {[%emt 0:00:33]} c6 {[%emt 0:03:29]} 30. dxc6 {[%emt 0:01:16]} Qxc6 {[%emt 0:00:25]} 31. b4 {[%emt 0:02:15]} Ke7 {[%emt 0:02:28]} 32. Kh2 {[%emt 0:00:46]} f6 {[%emt 0:01:35]} 33. b5 {[%emt 0:00:21]} axb5 {[%emt 0:00:20]} 34. Bxb5 {[%emt 0:00:11]} Qd5 {[%emt 0:00:43]} 35. Ba6 Nf3+ {Bb5 Ne5} 1/2-1/2

[Event "EYCC Open-U12 2019"]
[Site "Bratislava"]
[Date "2019.08.10"]
[Round "9.45"]
[White "Wahlgreen, Noah"]
[Black "Ryabukhin, Roman"]
[Result "0-1"]
[WhiteElo "1743"]
[BlackElo "1445"]
[Annotator "NA RC"]
[PlyCount "58"]
[EventDate "2019.08.02"]
[EventType "swiss"]
[EventCountry "SVK"]
[SourceTitle "playchess.com"]
[Source "ChessBase"]
[SourceQuality "1"]
[TimeControl "40/5400+30:1800+30"]

1. e4 {[%emt 0:00:00]} c6 {[%emt 0:00:00]} 2. d4 {[%emt 0:00:30]} d5 {[%emt 0:00:30]} 3. exd5 {[%emt 0:00:30]} cxd5 {[%emt 0:00:30]} 4. Bd3 {[%emt 0:00:30]} Nc6 {[%emt 0:00:30]} 5. c3 {[%emt 0:00:30]} Nf6 {[%emt 0:00:30]} 6. h3 {[%emt 0:00:00]} e5 {[%emt 0:00:00]} 7. dxe5 {[%emt 0:00:00]} Nxe5 {[%emt 0:00:00]} 8. Be2 {[%emt 0:01:13]} Bc5 {[%emt 0:00:00]} 9. Nf3 {[%emt 0:01:23]} Ng6 {[%emt 0:00:07]} 10. O-O {[%emt 0:04:49]} O-O {[%emt 0:00:04]} 11. Bg5 {[%emt 0:05:31]} Be6 {[%emt 0:02:20]} 12. Nh4 {[%emt 0:02:47]} h6 {[%emt 0:04:28]} 13. Nxg6 {[%emt 0:00:06]} fxg6 {[%emt 0:00:12]} 14. Be3 {[%emt 0:06:28]} Bxe3 {[%emt 0:00:15]} 15. fxe3 {[%emt 0:00:04]} Qb6 {[%emt 0:00:14]} 16. Qc1 {[%emt 0:11:18]} Bf5 {[%emt 0:08:35]} 17. Bf3 {[%emt 0:04:33]} Rfe8 {[%emt 0:00:47]} 18. Re1 {[%emt 0:00:46]} Be4 {[%emt 0:02:21]} 19. Nd2 {[%emt 0:01:09]} Re5 {[%emt 0:04:56]} 20. Nxe4 {[%emt 0:01:40]} Nxe4 {[%emt 0:01:41]} 21. Qc2 {[%emt 0:02:35]} Ng5 {[%emt 0:03:33]} 22. Qd2 {[%emt 0:03:46]} Nxf3+ {[%emt 0:02:06]} 23. gxf3 {[%emt 0:00:20]} Rae8 {[%emt 0:01:25]} 24. Kf2 {[%emt 0:00:18]} Rxe3 {[%emt 0:06:02]} 25. Qxd5+ {[%emt 0:03:35]} Kh7 {[%emt 0:01:09]} 26. Qb3 {[%emt 0:05:52]} Re2+ {[%emt 0:00:55]} 27. Kg3 {[%emt 0:01:35]} Qf2+ {[%emt 0:00:04]} 28. Kg4 {[%emt 0:00:15]} h5+ {[%emt 0:00:14]} 29. Kf4 {[%emt 0:00:19]} Qh4# {[%emt 0:00:09]} 0-1

[Event "EYCC Open-U12 2019"]
[Site "Bratislava"]
[Date "2019.08.10"]
[Round "9.46"]
[White "Aasen, Joakim"]
[Black "Kokk, Karl Mattias"]
[Result "1-0"]
[WhiteElo "1718"]
[BlackElo "1406"]
[Annotator "NA RC"]
[PlyCount "111"]
[EventDate "2019.08.02"]
[EventType "swiss"]
[EventCountry "SVK"]
[SourceTitle "playchess.com"]
[Source "ChessBase"]
[SourceQuality "1"]
[TimeControl "40/5400+30:1800+30"]

1. d4 {[%emt 0:00:00]} Nf6 {[%emt 0:00:00]} 2. c4 {[%emt 0:00:00]} g6 {[%emt 0:00:32]} 3. Nc3 {[%emt 0:00:00]} Bg7 {[%emt 0:00:45]} 4. e4 {[%emt 0:00:16]} d6 {[%emt 0:00:35]} 5. f4 {[%emt 0:00:18]} e5 {[%emt 0:07:08]} 6. dxe5 {[%emt 0:06:45]} dxe5 {[%emt 0:03:10]} 7. Qxd8+ {[%emt 0:00:49]} Kxd8 {[%emt 0:00:10]} 8. fxe5 {[%emt 0:05:50]} Ng4 {[%emt 0:04:37]} 9. Bg5+ {[%emt 0:00:39]} Kd7 {[%emt 0:05:55]} 10. O-O-O+ {[%emt 0:03:23]} Ke6 {[%emt 0:04:56]} 11. Nd5 {[%emt 0:11:36]} Bxe5 {[%emt 0:03:18]} 12. Nf3 {[%emt 0:01:01]} Nf2 {[%emt 0:23:51]} 13. Nxe5 {[%emt 0:04:32]} Nxd1 {[%emt 0:12:04]} 14. Kxd1 {[%emt 0:00:49]} c6 {[%emt 0:01:40]} 15. Nc7+ {[%emt 0:06:23]} Kxe5 {[%emt 0:00:40]} 16. Nxa8 {[%emt 0:03:51]} Na6 {[%emt 0:01:52]} 17. b4 {[%emt 0:09:03]} Bg4+ {[%emt 0:01:33]} 18. Be2 {[%emt 0:00:14]} Bxe2+ {[%emt 0:00:50]} 19. Kxe2 {[%emt 0:00:04]} Rxa8 {[%emt 0:00:08]} 20. a3 {[%emt 0:03:07]} Kxe4 {[%emt 0:04:06]} 21. Rd1 {[%emt 0:01:04]} Kf5 {[%emt 0:01:26]} 22. h4 {[%emt 0:02:06]} Re8+ {[%emt 0:01:43]} 23. Kf3 {[%emt 0:00:13]} f6 {[%emt 0:01:07]} 24. g4+ {[%emt 0:00:15]} Ke6 {[%emt 0:01:05]} 25. Re1+ {[%emt 0:02:18]} Kf7 {[%emt 0:00:18]} 26. Rxe8 {[%emt 0:00:11]} Kxe8 {[%emt 0:00:19]} 27. Bxf6 {[%emt 0:00:04]} Nc7 {[%emt 0:00:38]} 28. Ke4 {[%emt 0:00:42]} Kf7 {[%emt 0:00:46]} 29. Bd4 {[%emt 0:00:34]} b6 {[%emt 0:01:35]} 30. c5 {[%emt 0:03:50]} b5 {[%emt 0:04:31]} 31. Ke5 {[%emt 0:03:24]} Ne6 {[%emt 0:02:09]} 32. Bf2 {[%emt 0:02:10]} Ke7 {[%emt 0:00:53]} 33. Be3 {[%emt 0:00:23]} h5 {[%emt 0:01:57]} 34. gxh5 {[%emt 0:02:39]} gxh5 {[%emt 0:00:19]} 35. Kf5 {[%emt 0:00:21]} Kf7 {[%emt 0:00:55]} 36. Bd2 {[%emt 0:02:01]} Nd4+ {[%emt 0:02:12]} 37. Ke4 {[%emt 0:01:12]} Ne6 {[%emt 0:01:04]} 38. Ke5 {[%emt 0:00:26]} Ke7 {[%emt 0:00:34]} 39. Bc3 {[%emt 0:00:00]} Ng7 {[%emt 0:00:00]} 40. Kf4 {[%emt 0:00:00]} Ne6+ {[%emt 0:00:00]} 41. Kf5 {[%emt 0:05:57]} Kf7 {[%emt 0:04:48]} 42. Bb2 {[%emt 0:00:42]} Nf8 {[%emt 0:01:18]} 43. Kg5 {[%emt 0:00:27]} Ne6+ {[%emt 0:02:14]} 44. Kxh5 {[%emt 0:00:13]} a6 {[%emt 0:02:02]} 45. Kg4 {[%emt 0:00:36]} Ke7 {[%emt 0:00:59]} 46. Kf5 {[%emt 0:00:33]} Nf8 {[%emt 0:01:41]} 47. h5 {[%emt 0:00:44]} Nh7 {[%emt 0:00:59]} 48. h6 {[%emt 0:01:37]} Kf7 {[%emt 0:00:49]} 49. Bg7 {[%emt 0:00:09]} Ke7 {[%emt 0:02:14]} 50. Kg6 {[%emt 0:00:06]} Nf8+ {[%emt 0:00:34]} 51. Bxf8+ {[%emt 0:00:09]} Kxf8 {[%emt 0:00:09]} 52. h7 {[%emt 0:00:07]} Ke7 {[%emt 0:00:09]} 53. h8=Q {[%emt 0:00:17]} Ke6 {[%emt 0:00:20]} 54. Qe8+ {[%emt 0:00:15]} Kd5 {[%emt 0:00:20]} 55. Kf5 {[%emt 0:00:20]} a5 {[%emt 0:00:30]} 56. Qe4# {[%emt 0:00:05]} 1-0

[Event "EYCC Open-U12 2019"]
[Site "Bratislava"]
[Date "2019.08.10"]
[Round "9.47"]
[White "Foerster-Yialamas, Lucas"]
[Black "Farmakoski, Georg"]
[Result "1-0"]
[WhiteElo "2028"]
[BlackElo "1355"]
[Annotator "NA RC"]
[PlyCount "107"]
[EventDate "2019.08.02"]
[EventType "swiss"]
[EventCountry "SVK"]
[SourceTitle "playchess.com"]
[Source "ChessBase"]
[SourceQuality "1"]
[TimeControl "40/5400+30:1800+30"]

1. e4 {[%emt 0:00:00]} e6 {[%emt 0:00:00]} 2. d4 {[%emt 0:00:09]} d5 {[%emt 0:00:00]} 3. Nc3 {[%emt 0:00:18]} dxe4 {[%emt 0:00:00]} 4. Nxe4 {[%emt 0:00:09]} Bd7 {[%emt 0:00:00]} 5. Nf3 {[%emt 0:00:19]} Bc6 {[%emt 0:00:00]} 6. Bd3 {[%emt 0:00:22]} Nd7 {[%emt 0:00:02]} 7. O-O {[%emt 0:01:31]} Ngf6 {[%emt 0:00:09]} 8. Qe2 {[%emt 0:00:33]} Be7 {[%emt 0:00:24]} 9. c4 {[%emt 0:01:57]} O-O {[%emt 0:03:41]} 10. a3 {[%emt 0:04:21]} Nxe4 {[%emt 0:01:32]} 11. Bxe4 {[%emt 0:00:28]} Bxe4 {[%emt 0:00:03]} 12. Qxe4 {[%emt 0:00:01]} c6 {[%emt 0:00:01]} 13. b3 {[%emt 0:04:48]} Nf6 {[%emt 0:04:36]} 14. Qe2 {[%emt 0:02:50]} Qb6 {[%emt 0:21:43]} 15. Bf4 {[%emt 0:06:40]} Qd8 {[%emt 0:09:06]} 16. Rfd1 {[%emt 0:00:56]} Bd6 {[%emt 0:01:31]} 17. Be5 {[%emt 0:03:35]} Ne8 {[%emt 0:10:09]} 18. h3 {[%emt 0:17:02]} Qe7 {[%emt 0:07:51]} 19. c5 {[%emt 0:01:43]} Bxe5 {[%emt 0:01:58]} 20. Nxe5 {[%emt 0:00:23]} Nf6 {[%emt 0:01:01]} 21. Nc4 {[%emt 0:00:27]} Rfd8 {[%emt 0:04:19]} 22. Qe5 {[%emt 0:03:35]} Nd7 {[%emt 0:06:43]} 23. Qc7 {[%emt 0:01:22]} Rab8 {[%emt 0:04:30]} 24. Nd6 {[%emt 0:00:56]} Kf8 {[%emt 0:00:56]} 25. Qa5 {[%emt 0:01:06]} a6 {[%emt 0:01:55]} 26. Qc3 {[%emt 0:07:02]} Nf6 {[%emt 0:01:19]} 27. b4 {[%emt 0:00:45]} Ne8 {[%emt 0:01:33]} 28. Nc4 {[%emt 0:01:23]} Nf6 {[%emt 0:00:04]} 29. Qc2 {[%emt 0:01:57]} Kg8 {[%emt 0:00:31]} 30. Rd3 {[%emt 0:02:06]} h6 {[%emt 0:01:25]} 31. Rad1 {[%emt 0:00:38]} Nd5 {[%emt 0:03:01]} 32. Nd6 {[%emt 0:01:12]} Nc7 {[%emt 0:01:30]} 33. Nc4 {[%emt 0:07:35]} Nd5 {[%emt 0:00:57]} 34. Rf3 {[%emt 0:01:29]} Nf6 {[%emt 0:01:30]} 35. Rdd3 {[%emt 0:03:38]} Rd5 {[%emt 0:03:28]} 36. Nd6 {[%emt 0:04:01]} Rf8 {[%emt 0:02:01]} 37. Qd2 {[%emt 0:06:31]} Ne8 {[%emt 0:00:56]} 38. Ne4 {[%emt 0:02:07]} Kh7 {[%emt 0:04:31]} 39. Rde3 {[%emt 0:04:28]} Qd7 {[%emt 0:00:25]} 40. Rd3 {[%emt 0:00:00]} Rf5 {[%emt 0:00:00]} 41. Rxf5 {[%emt 0:02:14]} exf5 {[%emt 0:00:53]} 42. Nc3 {[%emt 0:00:32]} Nf6 {[%emt 0:14:46]} 43. d5 {[%emt 0:03:23]} cxd5 {[%emt 0:01:05]} 44. Nxd5 {[%emt 0:00:09]} Nxd5 {[%emt 0:03:14]} 45. Rxd5 {[%emt 0:00:16]} Qc8 {[%emt 0:00:23]} 46. Qd3 {[%emt 0:01:12]} g6 {[%emt 0:00:09]} 47. Rd7 {[%emt 0:00:42]} Kg7 {[%emt 0:00:28]} 48. Qd5 {[%emt 0:00:41]} b6 {[%emt 0:04:02]} 49. c6 {[%emt 0:03:28]} a5 {[%emt 0:00:38]} 50. b5 {[%emt 0:00:16]} Qe8 {[%emt 0:00:13]} 51. Qd4+ {[%emt 0:00:14]} Kh7 {[%emt 0:00:11]} 52. c7 {[%emt 0:01:34]} Qe1+ 53. Kh2 Qe8 54. Kg1 1-0

[Event "EYCC Open-U12 2019"]
[Site "Bratislava"]
[Date "2019.08.10"]
[Round "9.48"]
[White "Gudmundsson, Gunnar Erik"]
[Black "Soucek, Jan"]
[Result "0-1"]
[WhiteElo "1746"]
[BlackElo "1577"]
[Annotator "NA RC"]
[PlyCount "92"]
[EventDate "2019.08.02"]
[EventType "swiss"]
[EventCountry "SVK"]
[SourceTitle "playchess.com"]
[Source "ChessBase"]
[SourceQuality "1"]
[TimeControl "40/5400+30:1800+30"]

1. d4 {[%emt 0:00:00]} d5 {[%emt 0:00:00]} 2. c4 {[%emt 0:00:00]} c6 {[%emt 0:00:04]} 3. Nc3 {[%emt 0:00:00]} Nf6 {[%emt 0:00:14]} 4. Nf3 {[%emt 0:00:20]} e6 {[%emt 0:00:04]} 5. e3 {[%emt 0:00:17]} Nbd7 {[%emt 0:00:09]} 6. Bd3 {[%emt 0:00:25]} dxc4 {[%emt 0:00:11]} 7. Bxc4 {[%emt 0:00:08]} b5 {[%emt 0:00:05]} 8. Bd3 {[%emt 0:00:19]} Bb7 {[%emt 0:00:11]} 9. O-O {[%emt 0:00:18]} Be7 {[%emt 0:00:57]} 10. e4 {[%emt 0:02:18]} b4 {[%emt 0:13:44]} 11. Na4 {[%emt 0:11:57]} c5 {[%emt 0:12:30]} 12. Re1 {[%emt 0:11:34]} cxd4 {[%emt 0:05:06]} 13. Nxd4 {[%emt 0:00:59]} O-O {[%emt 0:00:28]} 14. Bc2 {[%emt 0:13:53]} Rc8 {[%emt 0:16:27]} 15. f3 {[%emt 0:12:39]} Nc5 {[%emt 0:08:45]} 16. Be3 {[%emt 0:07:13]} Qa5 {[%emt 0:06:01]} 17. Nxc5 {[%emt 0:06:56]} Bxc5 {[%emt 0:02:42]} 18. Qe2 {[%emt 0:05:31]} Qb6 {[%emt 0:08:12]} 19. Qf2 {[%emt 0:12:05]} Rfd8 {[%emt 0:03:46]} 20. Rad1 {[%emt 0:00:49]} a5 {[%emt 0:08:00]} 21. Ba4 {[%emt 0:02:55]} Bxe4 {[%emt 0:07:26]} 22. Bc2 {[%emt 0:08:16]} Bxc2 {[%emt 0:02:22]} 23. Nxc2 {[%emt 0:00:39]} Bxe3 {[%emt 0:01:47]} 24. Nxe3 {[%emt 0:00:35]} h6 {[%emt 0:00:16]} 25. Rc1 {[%emt 0:00:42]} a4 {[%emt 0:01:32]} 26. Nc2 {[%emt 0:01:00]} Qxf2+ {[%emt 0:00:47]} 27. Kxf2 {[%emt 0:00:04]} Rd2+ {[%emt 0:00:08]} 28. Re2 {[%emt 0:00:16]} Rxe2+ {[%emt 0:00:03]} 29. Kxe2 {[%emt 0:00:02]} b3 {[%emt 0:00:06]} 30. Kd3 {[%emt 0:01:00]} Nd5 {[%emt 0:01:13]} 31. Kd2 {[%emt 0:00:37]} bxc2 {[%emt 0:01:07]} 32. Rxc2 {[%emt 0:00:14]} Rxc2+ {[%emt 0:00:28]} 33. Kxc2 {[%emt 0:00:02]} Nb4+ {[%emt 0:00:45]} 34. Kb1 {[%emt 0:00:24]} Kf8 {[%emt 0:00:10]} 35. a3 {[%emt 0:00:25]} Nd5 {[%emt 0:00:18]} 36. Kc2 {[%emt 0:00:41]} Ke7 {[%emt 0:00:10]} 37. Kd3 {[%emt 0:01:22]} Kd6 {[%emt 0:00:11]} 38. Kc4 {[%emt 0:00:11]} Kc6 {[%emt 0:00:06]} 39. Kd4 {[%emt 0:01:07]} f6 {[%emt 0:00:10]} 40. g3 {[%emt 0:00:00]} Kb5 {[%emt 0:00:00]} 41. f4 {[%emt 0:00:55]} g6 {[%emt 0:00:46]} 42. h3 {[%emt 0:01:09]} h5 {[%emt 0:00:21]} 43. h4 {[%emt 0:00:17]} Kc6 {[%emt 0:00:13]} 44. Ke4 {[%emt 0:00:14]} Kc5 {[%emt 0:00:09]} 45. Kd3 {[%emt 0:00:20]} Ne7 {[%emt 0:00:19]} 46. Ke3 {[%emt 0:02:46]} Kc4 {[%emt 0:00:18]} 0-1

[Event "EYCC Open-U12 2019"]
[Site "Bratislava"]
[Date "2019.08.10"]
[Round "9.49"]
[White "Leal Prado, David Elias"]
[Black "Skreko, Igor"]
[Result "0-1"]
[WhiteElo "1741"]
[BlackElo "1688"]
[Annotator "NA RC"]
[PlyCount "128"]
[EventDate "2019.08.02"]
[EventType "swiss"]
[EventCountry "SVK"]
[SourceTitle "playchess.com"]
[Source "ChessBase"]
[SourceQuality "1"]
[TimeControl "40/5400+30:1800+30"]

1. e4 {[%emt 0:00:00]} c5 {[%emt 0:00:00]} 2. Nf3 {[%emt 0:00:00]} d6 {[%emt 0:00:00]} 3. d4 {[%emt 0:00:00]} cxd4 {[%emt 0:00:00]} 4. Qxd4 {[%emt 0:00:09]} Nc6 {[%emt 0:00:00]} 5. Bb5 {[%emt 0:00:09]} Bd7 {[%emt 0:00:09]} 6. Bxc6 {[%emt 0:00:07]} Bxc6 {[%emt 0:00:16]} 7. Nc3 {[%emt 0:00:10]} Nf6 {[%emt 0:00:32]} 8. Bg5 {[%emt 0:01:50]} e6 {[%emt 0:05:16]} 9. O-O {[%emt 0:03:55]} h6 {[%emt 0:02:05]} 10. Bh4 {[%emt 0:01:41]} Be7 {[%emt 0:03:32]} 11. h3 {[%emt 0:10:44]} Qc7 {[%emt 0:07:59]} 12. Rad1 {[%emt 0:01:53]} a6 {[%emt 0:04:44]} 13. Rd2 {[%emt 0:14:29]} Rd8 {[%emt 0:01:55]} 14. Bg3 {[%emt 0:04:06]} e5 {[%emt 0:03:20]} 15. Qe3 {[%emt 0:00:57]} O-O {[%emt 0:03:44]} 16. Rfd1 {[%emt 0:04:11]} b5 {[%emt 0:03:37]} 17. Nd5 {[%emt 0:10:31]} Nxd5 {[%emt 0:02:05]} 18. exd5 {[%emt 0:00:07]} Bb7 {[%emt 0:00:23]} 19. Bh4 {[%emt 0:15:40]} f5 {[%emt 0:05:09]} 20. Bxe7 {[%emt 0:01:03]} Qxe7 {[%emt 0:00:01]} 21. Qb3 {[%emt 0:08:59]} Kh8 {[%emt 0:13:09]} 22. a4 {[%emt 0:02:31]} bxa4 {[%emt 0:00:43]} 23. Qxa4 {[%emt 0:00:28]} g5 {[%emt 0:03:55]} 24. Qb4 {[%emt 0:04:18]} Rb8 {[%emt 0:01:21]} 25. Qa3 {[%emt 0:03:06]} h5 {[%emt 0:04:11]} 26. Re1 {[%emt 0:02:30]} Qf6 {[%emt 0:00:21]} 27. c4 {[%emt 0:02:52]} g4 {[%emt 0:01:02]} 28. hxg4 {[%emt 0:00:06]} hxg4 {[%emt 0:00:55]} 29. Nxe5 {[%emt 0:04:15]} dxe5 {[%emt 0:01:07]} 30. c5 {[%emt 0:00:08]} Rbd8 {[%emt 0:06:37]} 31. d6 {[%emt 0:01:57]} Rf7 {[%emt 0:05:10]} 32. Qc3 {[%emt 0:01:53]} e4 {[%emt 0:01:31]} 33. Qxf6+ {[%emt 0:01:00]} Rxf6 {[%emt 0:00:06]} 34. Rc1 {[%emt 0:00:19]} Bc6 {[%emt 0:00:38]} 35. Ra1 {[%emt 0:00:46]} Bb5 {[%emt 0:01:07]} 36. Ra3 {[%emt 0:00:31]} Kg7 {[%emt 0:02:04]} 37. f3 {[%emt 0:00:32]} gxf3 {[%emt 0:03:37]} 38. gxf3 {[%emt 0:00:08]} Kf7 {[%emt 0:04:18]} 39. Kf2 {[%emt 0:00:49]} Re6 {[%emt 0:00:45]} 40. Rd5 {[%emt 0:00:00]} Kf6 {[%emt 0:00:00]} 41. fxe4 {[%emt 0:03:07]} Rxe4 {[%emt 0:05:00]} 42. Rh3 {[%emt 0:03:44]} Re2+ {[%emt 0:00:55]} 43. Kf3 {[%emt 0:03:00]} Rxb2 {[%emt 0:01:08]} 44. Rh5 {[%emt 0:02:49]} Be2+ {[%emt 0:00:55]} 45. Ke3 {[%emt 0:01:34]} Bxh5 {[%emt 0:00:43]} 46. c6 {[%emt 0:00:11]} Rc2 {[%emt 0:00:39]} 47. c7 {[%emt 0:00:42]} Rd7 {[%emt 0:00:40]} 48. Kd3 {[%emt 0:00:57]} Rc6 {[%emt 0:01:13]} 49. Ke3 {[%emt 0:02:30]} Ke6 {[%emt 0:00:33]} 50. Rd2 {[%emt 0:01:08]} Rdxd6 {[%emt 0:00:33]} 51. Rh2 {[%emt 0:00:32]} Bf7 {[%emt 0:00:53]} 52. Rh6+ {[%emt 0:01:01]} Ke7 {[%emt 0:00:13]} 53. c8=N+ {[%emt 0:01:40]} Rxc8 {[%emt 0:00:15]} 54. Rh7 {[%emt 0:00:46]} Rc4 {[%emt 0:00:36]} 55. Ke2 {[%emt 0:00:39]} Rc3 {[%emt 0:00:06]} 56. Rg7 {[%emt 0:01:46]} Rh6 {[%emt 0:00:16]} 57. Kd2 {[%emt 0:00:13]} Ra3 {[%emt 0:00:06]} 58. Kc2 {[%emt 0:00:56]} Rh2+ {[%emt 0:00:09]} 59. Kb1 {[%emt 0:00:17]} Raa2 {[%emt 0:00:31]} 60. Rg1 {[%emt 0:00:56]} f4 {[%emt 0:01:04]} 61. Re1+ {[%emt 0:01:15]} Rhe2 {[%emt 0:01:02]} 62. Rc1 {[%emt 0:02:07]} Bg6+ {[%emt 0:00:30]} 63. Rc2 {[%emt 0:01:28]} Raxc2 {[%emt 0:00:09]} 64. Ka1 {[%emt 0:00:14]} Rc1# 0-1